Name the Cake - Statistics

General Stats
  • This quiz has been taken 135 times
  • The average score is 7 of 9
Answer Stats
Picture Answer % Correct
Chocolate Cake
97%
Red Velvet Cake
89%
Cheesecake
84%
Strawberry Cake
83%
Carrot Cake
75%
Oreo Cake
70%
Black Forest Cake
58%
Vanilla Cake
57%
Victoria Sponge Cake
50%
No matching quizzes found
Score Distribution
Percent of People with Each Score
Percentile by Number Answered
Your Score History
You have not taken this quiz